<?xml version="1.0" encoding="UTF-8"?>
<record
    xmlns:xsi="http://www.w3.org/2001/XMLSchema-instance"
    xsi:schemaLocation="http://www.loc.gov/MARC21/slim http://www.loc.gov/standards/marcxml/schema/MARC21slim.xsd"
    xmlns="http://www.loc.gov/MARC21/slim">

  <leader>00700nam a22001697a 4500</leader>
  <controlfield tag="008">240822b        |||||||| |||| 00| 0 eng d</controlfield>
  <datafield tag="020" ind1=" " ind2=" ">
    <subfield code="a">97899337277853</subfield>
  </datafield>
  <datafield tag="041" ind1=" " ind2=" ">
    <subfield code="a">Nep.</subfield>
  </datafield>
  <datafield tag="082" ind1=" " ind2=" ">
    <subfield code="2">23</subfield>
    <subfield code="a">N321.3</subfield>
    <subfield code="b">T696n</subfield>
  </datafield>
  <datafield tag="100" ind1=" " ind2=" ">
    <subfield code="a">Tiwari, Ramkrishna</subfield>
  </datafield>
  <datafield tag="241" ind1=" " ind2=" ">
    <subfield code="a">Nepali rajnitika dwandama samyavadi vicharko bhumika</subfield>
  </datafield>
  <datafield tag="245" ind1=" " ind2=" ">
    <subfield code="a">&#x928;&#x947;&#x92A;&#x93E;&#x932;&#x940; &#x930;&#x93E;&#x91C;&#x928;&#x93F;&#x924;&#x93F;&#x915; &#x926;&#x94D;&#x927;&#x928;&#x94D;&#x926;&#x92E;&#x93E; &#x938;&#x93E;&#x92E;&#x94D;&#x92F;&#x935;&#x93E;&#x926;&#x940; &#x935;&#x93F;&#x91A;&#x93E;&#x930;&#x915;&#x94B; &#x92D;&#x941;&#x92E;&#x93F;&#x915;&#x93E;/</subfield>
    <subfield code="c">&#x930;&#x93E;&#x92E;&#x915;&#x943;&#x937;&#x94D;&#x923; &#x924;&#x93F;&#x935;&#x93E;&#x930;&#x940;.</subfield>
  </datafield>
  <datafield tag="260" ind1=" " ind2=" ">
    <subfield code="a">&#x915;&#x93E;&#x920;&#x92E;&#x93E;&#x921;&#x93E;&#x948;&#x903;</subfield>
    <subfield code="b">&#x924;&#x93E;&#x930;&#x93E; &#x92A;&#x93E;&#x923;&#x94D;&#x921;&#x947;,</subfield>
    <subfield code="c">&#x968;&#x966;&#x96D;&#x966;&#x935;&#x93F;.</subfield>
  </datafield>
  <datafield tag="300" ind1=" " ind2=" ">
    <subfield code="a">&#x96E;&#x96F;&#x92A;&#x943;.</subfield>
  </datafield>
  <datafield tag="650" ind1=" " ind2=" ">
    <subfield code="a">&#x938;&#x93E;&#x92E;&#x928;&#x94D;&#x924;&#x935;&#x93E;&#x926;</subfield>
  </datafield>
  <datafield tag="942" ind1=" " ind2=" ">
    <subfield code="2">ddc</subfield>
    <subfield code="c">ISBN</subfield>
  </datafield>
  <datafield tag="999" ind1=" " ind2=" ">
    <subfield code="c">116359</subfield>
    <subfield code="d">116347</subfield>
  </datafield>
  <datafield tag="952" ind1=" " ind2=" ">
    <subfield code="0">0</subfield>
    <subfield code="1">0</subfield>
    <subfield code="2">ddc</subfield>
    <subfield code="4">0</subfield>
    <subfield code="7">0</subfield>
    <subfield code="a">TUCL</subfield>
    <subfield code="b">TUCL</subfield>
    <subfield code="d">2024-08-22</subfield>
    <subfield code="l">0</subfield>
    <subfield code="o">N321.3 T696n</subfield>
    <subfield code="p">IS10035</subfield>
    <subfield code="r">2024-08-22 15:18:10</subfield>
    <subfield code="w">2024-08-22</subfield>
    <subfield code="y">ISBN</subfield>
  </datafield>
</record>
